Poisťovne a životné prostredie

Poolova úprava poistenia zodpovednosti za environmentálne škody. Vytváranie kompenzačných garančných fondov. Environmentálne poistné záruky. Alternatívne prístupy k zaisteniu environmentálneho riziká. Catastrophe bonds (CATs). Deriváty na počasie. Property Catastrophe Options.

Salvato in:
Dettagli Bibliografici
Autore principale: Romančíková, Eva
Natura: Capitolo di libro
Lingua:slovacco
Soggetti:
Tags: Aggiungi Tag
Nessun Tag, puoi essere il primo ad aggiungerne!!

MARC

LEADER 00000nla a2200000 4500
001 0214419
005 20240417075105.6
041 0 |a slo 
044 |a SK 
245 1 0 |a Poisťovne a životné prostredie  |c Eva Romančíková 
520 |a Poolova úprava poistenia zodpovednosti za environmentálne škody. Vytváranie kompenzačných garančných fondov. Environmentálne poistné záruky. Alternatívne prístupy k zaisteniu environmentálneho riziká. Catastrophe bonds (CATs). Deriváty na počasie. Property Catastrophe Options. 
610 2 0 |a prostredie životné 
610 2 0 |a poisťovne 
610 2 0 |a zodpovednosť za škody 
610 2 0 |a poistenie poolové 
610 2 0 |a poistenie rizikové 
100 1 |a Romančíková, Eva